Platby platobnou kartou

Klasifikácia platobných kariet z hľadiska funkčnosti a spôsobu zúčtovania. Debetná a kreditná karta. Platby platobnými kartami z účtovného hľadiska. Použitie platobnej karty v jednoduchom účtovníctve. Platobné karty ako ceniny. Ilustračné príklady.

Salvato in:
Dettagli Bibliografici
Autore principale: Mintál, Ján
Natura: Capitolo di libro
Lingua:slovacco
Soggetti:
Tags: Aggiungi Tag
Nessun Tag, puoi essere il primo ad aggiungerne!!

MARC

LEADER 00000naa$a2200000$$$4500
001 0053921
005 20231127092823.1
041 0 |a slo 
044 |a SK 
245 1 0 |a Platby platobnou kartou  |c Ján Mintál 
520 |a Klasifikácia platobných kariet z hľadiska funkčnosti a spôsobu zúčtovania. Debetná a kreditná karta. Platby platobnými kartami z účtovného hľadiska. Použitie platobnej karty v jednoduchom účtovníctve. Platobné karty ako ceniny. Ilustračné príklady. 
610 2 0 |a karty platobné 
610 2 0 |a účtovníctvo jednoduché 
610 2 0 |a platby bezhotovostné 
610 2 0 |a denníky účtovné 
610 2 0 |a vklady 
610 2 0 |a podnikatelia 
100 1 |a Mintál, Ján